<?xml version="1.0" encoding="UTF-8"?>
<record
    xmlns:xsi="http://www.w3.org/2001/XMLSchema-instance"
    xsi:schemaLocation="http://www.loc.gov/MARC21/slim http://www.loc.gov/standards/marcxml/schema/MARC21slim.xsd"
    xmlns="http://www.loc.gov/MARC21/slim">

  <leader>01341nam a2200229   4500</leader>
  <controlfield tag="001">6154</controlfield>
  <datafield tag="010" ind1=" " ind2=" ">
    <subfield code="a">9783896009760</subfield>
  </datafield>
  <datafield tag="021" ind1=" " ind2=" ">
    <subfield code="b">24/11976</subfield>
  </datafield>
  <datafield tag="090" ind1=" " ind2=" ">
    <subfield code="a">6154</subfield>
  </datafield>
  <datafield tag="100" ind1=" " ind2=" ">
    <subfield code="a">20260512d2012    u||y0pory50      ba</subfield>
  </datafield>
  <datafield tag="200" ind1=" " ind2=" ">
    <subfield code="a">Atlas infantil: O MUNDO</subfield>
    <subfield code="f">Michael Hahn</subfield>
  </datafield>
  <datafield tag="210" ind1=" " ind2=" ">
    <subfield code="a">Col&#xF3;nia, Alemanha</subfield>
    <subfield code="c">Schwager &amp; Steinlein</subfield>
    <subfield code="d">[2012?]</subfield>
  </datafield>
  <datafield tag="215" ind1=" " ind2=" ">
    <subfield code="a">43 p.</subfield>
    <subfield code="c">il.</subfield>
  </datafield>
  <datafield tag="330" ind1=" " ind2=" ">
    <subfield code="a">Uma viagem &#xE0; volta do Mundo - quem &#xE9; que ainda n&#xE3;o sonhou com uma aventura destas? Este livro permite que o sonho se torne realidade para os leitores mais pequenos. Viajando por 15 mapas coloridos, poder&#xE3;o visitar os locais mais fascinantes do Mundo e aprender muito sobre cada continente. Cada mapa cont&#xE9;m ilustra&#xE7;&#xF5;es pormenorizadas, apresentando &#xE0;s crian&#xE7;as os principais monumentos, os s&#xED;mbolos t&#xED;picos das cidades ou paisagens, bem como as particularidades geogr&#xE1;ficas dos respetivos pa&#xED;ses e regi&#xF5;es. O livro inclui igualmente textos introdut&#xF3;rios com muitas informa&#xE7;&#xF5;es fascinantes, para al&#xE9;m de apresentar &#xE0;s crian&#xE7;as as bandeiras de cada pa&#xED;s representado e diversas personalidades hist&#xF3;ricas.</subfield>
  </datafield>
  <datafield tag="606" ind1=" " ind2=" ">
    <subfield code="9">804</subfield>
    <subfield code="a">Publica&#xE7;&#xE3;o para jovens</subfield>
  </datafield>
  <datafield tag="606" ind1=" " ind2=" ">
    <subfield code="9">820</subfield>
    <subfield code="a">Geografia</subfield>
  </datafield>
  <datafield tag="675" ind1=" " ind2=" ">
    <subfield code="a">087.5</subfield>
    <subfield code="v">BN</subfield>
    <subfield code="z">por</subfield>
  </datafield>
  <datafield tag="675" ind1=" " ind2=" ">
    <subfield code="a">912(084.4)(0.053.5)</subfield>
    <subfield code="v">BN</subfield>
    <subfield code="z">por</subfield>
  </datafield>
  <datafield tag="700" ind1=" " ind2=" ">
    <subfield code="9">5820</subfield>
    <subfield code="a">Hahn</subfield>
    <subfield code="b">Michael</subfield>
  </datafield>
  <datafield tag="801" ind1=" " ind2=" ">
    <subfield code="a">PT</subfield>
    <subfield code="b">BMVN</subfield>
    <subfield code="g">RPC</subfield>
  </datafield>
  <datafield tag="830" ind1=" " ind2=" ">
    <subfield code="c">In&#xEA;s Silva</subfield>
    <subfield code="d">12/05/2026</subfield>
  </datafield>
  <datafield tag="990" ind1=" " ind2=" ">
    <subfield code="c">LIVROS</subfield>
  </datafield>
  <datafield tag="995" ind1=" " ind2=" ">
    <subfield code="0">0</subfield>
    <subfield code="2">0</subfield>
    <subfield code="5">2026-05-12</subfield>
    <subfield code="9">6768</subfield>
    <subfield code="b">BMVN</subfield>
    <subfield code="f">100000014974</subfield>
    <subfield code="k">PL HAH/ATL</subfield>
    <subfield code="o">0</subfield>
    <subfield code="r">LIVROS</subfield>
    <subfield code="s"></subfield>
  </datafield>
</record>
